| 000 | 00703nam a2200205Ia 4500 | ||
|---|---|---|---|
| 003 | GCL | ||
| 008 | 140319s9999 xx 000 0 ara d | ||
| 020 | _a6371401779 | ||
| 040 |
_aGCL / _cGCL |
||
| 082 | 0 | 4 |
_aق _b920.72 _bم ن |
| 100 | 1 | _aمحمد ابوالاسعاد | |
| 245 | 1 | 0 |
_aنبوية موسى ودورها فى الحياة المصرية 1886 - 1951 / _cمحمد ابوالاسعاد |
| 260 |
_aالقاهرة : _bالهيئة المصرية العامة للكتاب ، _c1994 |
||
| 300 |
_a147 ص ؛ _c20 سم |
||
| 490 |
_aتاريخ المصريين _v69 |
||
| 650 | 0 | 4 | _aالتراجم |
| 650 | 0 | 4 | _aنبوية موسى |
| 650 | 0 | 4 | _aالنساء - تراجم |
| 942 |
_2ddc _cBK |
||
| 999 |
_c36016 _d36016 |
||